[Event "Luzern olm"]
[Site "Luzern"]
[Date "1982.??.??"]
[Round "4"]
[White "Trois, Francisco RT"]
[Black "Johansen, Darryl K"]
[Result "0-1"]
[WhiteElo "2410"]
[BlackElo "2310"]
[PlyCount "78"]
[EventDate "1982.10.??"]
[Source "ChessBase"]
[SourceDate "1996.11.15"]

1. Nf3 g6 2. d4 Bg7 3. e4 d6 4. c3 Nf6 5. Nbd2 O-O 6. Be2 b6 7. O-O Bb7 8. Qc2
e6 9. a4 a6 10. Re1 c5 11. dxc5 bxc5 12. e5 dxe5 13. Nxe5 Qc7 14. Ndc4 Nd5 15.
Bf1 Nc6 16. Nd3 Nce7 17. Bd2 Nf5 18. Qb3 Rab8 19. Qa3 Rfc8 20. Rad1 a5 21. Nc1
Ba6 22. Nb3 Bxc4 23. Bxc4 Qb6 24. Bc1 Nd6 25. Nd2 Nxc4 26. Nxc4 Qa6 27. Qa2 Rd8
28. Rd3 Rd7 29. Red1 Rbd8 30. Qb3 Qa8 31. f3 h5 32. Bg5 Rb8 33. Qa2 Rdb7 34.
Bc1 Qa6 35. h3 Rb3 36. Na3 c4 37. R3d2 Bh6 38. Rxd5 exd5 39. Bxh6 Qb6+ 0-1

[Event "Luzern olm"]
[Site "Luzern"]
[Date "1982.??.??"]
[Round "6"]
[White "Herzog, Adolf"]
[Black "Trois, Francisco RT"]
[Result "1-0"]
[WhiteElo "2405"]
[BlackElo "2410"]
[PlyCount "53"]
[EventDate "1982.10.??"]
[Source "ChessBase"]
[SourceDate "1996.11.15"]

1. d4 Nf6 2. Nf3 e6 3. c3 b6 4. Bf4 Bb7 5. Nbd2 Be7 6. e3 Nh5 7. Bg3 d6 8. Bd3
g6 9. Qe2 Nd7 10. e4 c6 11. Nc4 Nxg3 12. hxg3 c5 13. e5 d5 14. Nd6+ Bxd6 15.
exd6 Nf6 16. Qe5 Rg8 17. Ng5 h5 18. Bb5+ Kf8 19. Rh4 a6 20. Rf4 Kg7 21. Bd3
cxd4 22. cxd4 Rc8 23. Ke2 Rc6 24. g4 Rh8 25. Rh1 Rxd6 26. gxh5 gxh5 27. Nh7 1-0

[Event "Luzern olm"]
[Site "Luzern"]
[Date "1982.??.??"]
[Round "7"]
[White "Trois, Francisco RT"]
[Black "De Bruycker, Bernard"]
[Result "1-0"]
[WhiteElo "2410"]
[BlackElo "2255"]
[PlyCount "78"]
[EventDate "1982.10.??"]
[Source "ChessBase"]
[SourceDate "1996.11.15"]

1. g3 e5 2. Bg2 Nf6 3. d3 d5 4. Nf3 Nc6 5. O-O Be7 6. Bg5 Be6 7. Nc3 O-O 8. e4
d4 9. Ne2 Nd7 10. Bc1 a5 11. Nd2 Nb6 12. f4 f6 13. Nf3 a4 14. a3 Nd7 15. f5 Bf7
16. g4 b5 17. Rf2 Na5 18. Bf1 c5 19. Ng3 c4 20. h4 Qc7 21. g5 Rfc8 22. Rg2 cxd3
23. Bxd3 Nc4 24. g6 hxg6 25. fxg6 Bxg6 26. h5 Bh7 27. Nh4 Nc5 28. Ngf5 Bxf5 29.
Nxf5 Bf8 30. Nxg7 Bxg7 31. h6 Ne6 32. hxg7 Ne3 33. Bxe3 dxe3 34. Qh5 Nxg7 35.
Rf1 Qf7 36. Qh6 e2 37. Rxe2 Qh5 38. Rh2 Qxh6 39. Rxh6 Rf8 1-0

[Event "Luzern olm"]
[Site "Luzern"]
[Date "1982.??.??"]
[Round "12"]
[White "Trois, Francisco RT"]
[Black "Chia Chee Seng"]
[Result "0-1"]
[WhiteElo "2410"]
[BlackElo "2270"]
[PlyCount "110"]
[EventDate "1982.10.??"]
[Source "ChessBase"]
[SourceDate "1996.11.15"]

1. Nf3 Nf6 2. g3 b5 3. Bg2 Bb7 4. O-O e6 5. d3 h6 6. e4 d6 7. a4 b4 8. Nbd2 c5
9. Nc4 Nc6 10. e5 Nd5 11. Re1 dxe5 12. Nfxe5 Nxe5 13. Nxe5 Qc7 14. Qe2 Bd6 15.
Ng6 Rg8 16. Ne5 O-O-O 17. Bd2 Bxe5 18. Qxe5 Qxe5 19. Rxe5 Kd7 20. f4 f6 21. Re2
Bc6 22. Rae1 Rge8 23. b3 Nc7 24. Be3 Bxg2 25. Kxg2 Kc6 26. Bf2 Rd5 27. Re4 e5
28. f5 a5 29. g4 Kd6 30. Kf3 Na6 31. Rg1 Nb8 32. h4 Rf8 33. Rg2 Nc6 34. Re2
Nd4+ 35. Bxd4 Rxd4 36. Re4 Kd5 37. Ke3 Rf7 38. Kf3 Rxe4 39. dxe4+ Kd4 40. Rd2+
Kc3 41. Ke3 Rc7 42. g5 hxg5 43. hxg5 fxg5 44. Rg2 g4 45. Rd2 Rc6 46. Rg2 g6 47.
Rxg4 gxf5 48. exf5 Kxc2 49. Ke4 Kxb3 50. Kd5 Rc8 51. Rg3+ Kc2 52. f6 Rf8 53.
Rf3 e4 54. Kxe4 b3 55. Rf5 c4 0-1

[Event "Hamar op"]
[Site "Hamar"]
[Date "1983.??.??"]
[Round "1"]
[White "Trois, Francisco RT"]
[Black "Donaldson, John W"]
[Result "1/2-1/2"]
[WhiteElo "2395"]
[BlackElo "2405"]
[PlyCount "34"]
[EventDate "1983.01.??"]
[Source "ChessBase"]

1. Nf3 c5 2. g3 Nc6 3. Bg2 g6 4. d4 cxd4 5. Nxd4 Bg7 6. Nb3 d6 7. O-O Nf6 8.
Nc3 O-O 9. e4 Rb8 10. a4 Bg4 11. f3 Be6 12. Nd5 Bxd5 13. exd5 Na5 14. Nxa5 Qxa5
15. f4 b5 16. Be3 bxa4 17. Bd4 Nd7 1/2-1/2

[Event "Hamar op"]
[Site "Hamar"]
[Date "1983.??.??"]
[Round "2"]
[White "De Lange, Daan"]
[Black "Trois, Francisco RT"]
[Result "1/2-1/2"]
[WhiteElo "2235"]
[BlackElo "2395"]
[PlyCount "23"]
[EventDate "1983.01.??"]
[Source "ChessBase"]

1. d4 g6 2. e4 Bg7 3. Nf3 d6 4. c4 Nf6 5. Nc3 O-O 6. Be2 c6 7. O-O a6 8. Bg5 b5
9. cxb5 axb5 10. a3 Bb7 11. e5 Ne8 12. Re1 1/2-1/2

[Event "Hamar op"]
[Site "Hamar"]
[Date "1983.??.??"]
[Round "3"]
[White "Trois, Francisco RT"]
[Black "Stein, Bernd"]
[Result "1/2-1/2"]
[WhiteElo "2395"]
[BlackElo "2375"]
[PlyCount "90"]
[EventDate "1983.01.??"]
[Source "ChessBase"]

1. Nf3 Nf6 2. d4 d6 3. c3 c6 4. Nbd2 Nbd7 5. e4 e5 6. Be2 Be7 7. O-O O-O 8. Re1
Qc7 9. Qc2 Re8 10. a4 Bf8 11. dxe5 dxe5 12. a5 Rb8 13. Bc4 h6 14. b4 b5 15.
axb6 Nxb6 16. Bf1 c5 17. b5 c4 18. Ba3 Bxa3 19. Rxa3 Qc5 20. Qa2 Re7 21. Ra5
Rc7 22. Qa3 Rbb7 23. Qxc5 Rxc5 24. Rea1 Be6 25. Rxa7 Rxa7 26. Rxa7 Rxb5 27. Ra2
Nfd7 28. Be2 f6 29. Bd1 Nc5 30. Ne1 Nb3 31. f3 g6 32. Kf2 f5 33. g3 Kg7 34. Ke3
Kf6 35. h4 g5 36. hxg5+ hxg5 37. Ng2 f4+ 38. gxf4 exf4+ 39. Nxf4 gxf4+ 40. Kxf4
Nd7 41. Ke3 Ndc5 42. f4 Rb8 43. e5+ Ke7 44. Ra7+ Kf8 45. f5 Bxf5 1/2-1/2

[Event "Hamar op"]
[Site "Hamar"]
[Date "1983.??.??"]
[Round "4"]
[White "Edvardsen, R."]
[Black "Trois, Francisco RT"]
[Result "1-0"]
[WhiteElo "2200"]
[BlackElo "2395"]
[PlyCount "141"]
[EventDate "1983.01.??"]
[Source "ChessBase"]

1. d4 Nf6 2. Nf3 g6 3. Nbd2 Bg7 4. b3 c5 5. e3 Nc6 6. Bb2 cxd4 7. exd4 O-O 8.
Bd3 Nb4 9. Be2 Nbd5 10. O-O Nf4 11. Re1 Nxe2+ 12. Qxe2 Re8 13. c4 d5 14. Ne5
Be6 15. h3 Nd7 16. Ndf3 Nxe5 17. Nxe5 dxc4 18. bxc4 Bxe5 19. dxe5 Rc8 20. Rac1
Qa5 21. Rc3 Red8 22. Rec1 Rd7 23. a3 Rcd8 24. Qe3 Rc8 25. Qh6 Qb6 26. R1c2 Qd4
27. Kh2 Qd1 28. Bc1 Qd4 29. Bb2 Qe4 30. Rc1 Rd3 31. Rxd3 Qxd3 32. Qf4 Rxc4 33.
Rxc4 Qxc4 34. Qxc4 Bxc4 35. Bd4 b6 36. Be3 f6 37. exf6 exf6 38. g4 Kf7 39. Kg3
Ke6 40. Bd4 f5 41. Kf4 Kd5 42. Bf6 fxg4 43. hxg4 b5 44. g5 Bf1 45. Ke3 Kc4 46.
Kd2 Kb3 47. Be7 Kb2 48. Bb4 Bc4 49. Kd1 Be6 50. Kd2 Bg4 51. Kd3 Bf5+ 52. Kd2
Bc2 53. Bc3+ Kxa3 54. Kxc2 b4 55. Bd2 a5 56. Kb1 Kb3 57. Bf4 a4 58. Be5 Ka3 59.
Bf6 Kb3 60. Be7 Kc3 61. Kc1 Kb3 62. Kd2 Kc4 63. Kc2 a3 64. Kb1 Kb3 65. Bf8 a2+
66. Ka1 Ka3 67. Bg7 b3 68. Bc3 Ka4 69. Kb2 Kb5 70. Kxb3 Kc5 71. Kxa2 {..85} 1-0

[Event "Hamar op"]
[Site "Hamar"]
[Date "1983.??.??"]
[Round "5"]
[White "Trois, Francisco RT"]
[Black "Gerer, Josef"]
[Result "1/2-1/2"]
[WhiteElo "2395"]
[BlackElo "2200"]
[PlyCount "56"]
[EventDate "1983.01.??"]
[Source "ChessBase"]

1. Nf3 e6 2. d4 Nf6 3. c4 d5 4. g3 dxc4 5. Bg2 c5 6. O-O Nc6 7. Ne5 Bd7 8. Nxc6
Bxc6 9. Bxc6+ bxc6 10. Qa4 cxd4 11. Qxc6+ Nd7 12. Qxc4 Bc5 13. Nd2 O-O 14. Ne4
Bb6 15. Bg5 Rc8 16. Qb5 f6 17. Bd2 Nc5 18. Nxc5 Rxc5 19. Qd3 Re8 20. a4 e5 21.
a5 Bc7 22. b4 e4 23. Qb3+ Qd5 24. Qxd5+ Rxd5 25. Rac1 Bd6 26. Rc6 d3 27. exd3
exd3 28. Rd1 Bf8 1/2-1/2

[Event "Hamar op"]
[Site "Hamar"]
[Date "1983.??.??"]
[Round "6"]
[White "Stigar, Petter"]
[Black "Trois, Francisco RT"]
[Result "1-0"]
[WhiteElo "2240"]
[BlackElo "2395"]
[PlyCount "75"]
[EventDate "1983.01.??"]
[Source "ChessBase"]

1. d4 Nf6 2. c4 c5 3. d5 e5 4. Nc3 d6 5. e4 g6 6. Nf3 Bg7 7. Be2 a6 8. a3 Nbd7
9. Rb1 O-O 10. Bg5 h6 11. Bh4 Qe8 12. Nd2 Nh7 13. O-O h5 14. h3 Bf6 15. Bxf6
Nhxf6 16. b4 b6 17. bxc5 bxc5 18. Qa4 Qe7 19. Rb2 Nh7 20. Qc6 Ra7 21. Na4 Rd8
22. Rfb1 f5 23. exf5 gxf5 24. Nb6 Nxb6 25. Rxb6 Rc7 26. Qa4 e4 27. R1b3 h4 28.
Qa5 Ng5 29. Rc6 Rxc6 30. dxc6 Ne6 31. Rb6 Nd4 32. Bh5 Qg5 33. Rb8 Nxc6 34. Qc7
Nxb8 35. Qf7+ Kh8 36. Bg6 Qxg6 37. Qxg6 Nc6 38. Nf1 1-0

[Event "Hamar op"]
[Site "Hamar"]
[Date "1983.??.??"]
[Round "7"]
[White "Trois, Francisco RT"]
[Black "Landenbergue, Claude"]
[Result "1-0"]
[WhiteElo "2395"]
[BlackElo "2200"]
[PlyCount "71"]
[EventDate "1983.01.??"]
[Source "ChessBase"]

1. d4 Nf6 2. g3 g6 3. Bg2 Bg7 4. e4 d6 5. Nc3 O-O 6. Nge2 Nbd7 7. O-O e5 8. h3
exd4 9. Nxd4 Nc5 10. Re1 Re8 11. Bf4 Nfd7 12. Be3 Ne5 13. Bf1 Ne6 14. Nxe6 Bxe6
15. Rb1 Qf6 16. Bg2 Rad8 17. Nb5 Rd7 18. f4 Nc6 19. Nc3 Qd8 20. Qd2 Qc8 21. Kh2
Rde7 22. Bf2 Bh6 23. Nd5 Bxd5 24. exd5 Nd8 25. Qa5 a6 26. Bf3 Qf5 27. Rxe7 Rxe7
28. Re1 Nc6 29. Qc3 Bg7 30. Qd2 Rxe1 31. Qxe1 Nd4 32. Qe8+ Bf8 33. Bxd4 Qxc2+
34. Qe2 Qa4 35. Bf6 Qxa2 36. Qc2 1-0

[Event "Hamar op"]
[Site "Hamar"]
[Date "1983.??.??"]
[Round "9"]
[White "Bern, Ivar"]
[Black "Trois, Francisco RT"]
[Result "0-1"]
[WhiteElo "2200"]
[BlackElo "2395"]
[PlyCount "68"]
[EventDate "1983.01.??"]
[Source "ChessBase"]

1. d4 c5 2. d5 Nf6 3. Nf3 g6 4. Nc3 Bg7 5. e4 O-O 6. Bc4 b5 7. Bxb5 Nxe4 8. Qd3
Nxc3 9. bxc3 d6 10. O-O Bf5 11. Qe2 Bxc3 12. Bh6 Bxa1 13. Rxa1 a6 14. Bd3 Bg4
15. c4 Bxf3 16. Qxf3 Nd7 17. Bc2 Qa5 18. Bxf8 Rxf8 19. Qe3 Re8 20. f4 Qb4 21.
Bb3 Nf6 22. a3 Qa5 23. Qd3 e6 24. dxe6 Rxe6 25. h3 Re1+ 26. Rxe1 Qxe1+ 27. Kh2
Ne4 28. Bc2 Nd2 29. Qxd6 Nf1+ 30. Kh1 Ne3+ 31. Kh2 Nxc2 32. f5 Qe8 33. fxg6
hxg6 34. Qxc5 Qe4 0-1

[Event "Wijk-B"]
[Site "Wijk aan Zee"]
[Date "1983.??.??"]
[Round "2"]
[White "Bohm, Hans"]
[Black "Trois, Francisco RT"]
[Result "1-0"]
[WhiteElo "2380"]
[BlackElo "2395"]
[PlyCount "98"]
[EventDate "1983.01.??"]
[Source "ChessBase"]

1. d4 Nf6 2. c4 c5 3. Nf3 cxd4 4. Nxd4 b6 5. Nc3 Bb7 6. Bg5 a6 7. f3 e6 8. e4
h6 9. Be3 d6 10. Be2 Nbd7 11. O-O Be7 12. Qd2 Rc8 13. Rfd1 Qc7 14. Rac1 O-O 15.
Bf2 Qb8 16. Nc2 Rfe8 17. Ne3 Ne5 18. a3 Ng6 19. Bf1 Nd7 20. b4 Nde5 21. Qd4 Nc6
22. Qd2 Nce5 23. Kh1 h5 24. Na4 Ba8 25. Qd4 Nd7 26. Bg3 Rc6 27. c5 bxc5 28.
bxc5 Qc8 29. Rb1 Nxc5 30. Nxc5 dxc5 31. Qa4 Bb7 32. Nc4 h4 33. Bf2 Rd8 34. Rdc1
Qc7 35. Be3 Ba8 36. Kg1 Rb8 37. Qa5 Rxb1 38. Rxb1 Qxa5 39. Nxa5 Rc8 40. Bxa6
Rd8 41. Nc4 h3 42. g3 f5 43. exf5 exf5 44. Kf2 Kh7 45. a4 f4 46. gxf4 Bh4+ 47.
Ke2 Re8 48. Ne5 Nxe5 49. fxe5 Rxe5 1-0

[Event "Sao Paulo op"]
[Site "Sao Paulo"]
[Date "1991.??.??"]
[Round "4"]
[White "Martinez, Carlos Alejandro"]
[Black "Trois, Francisco RT"]
[Result "0-1"]
[WhiteElo "2210"]
[BlackElo "2375"]
[PlyCount "60"]
[EventDate "1991.??.??"]
[Source "ChessBase"]
[SourceDate "1996.11.15"]

1. e4 Nc6 2. Nf3 d6 3. d4 Nf6 4. Nc3 Bg4 5. Be2 e6 6. d5 exd5 7. exd5 Bxf3 8.
gxf3 Ne5 9. f4 Ng6 10. h4 h5 11. Be3 a6 12. Qd4 Be7 13. Bd3 Kf8 14. Bxg6 fxg6
15. f3 Ng8 16. O-O-O Nh6 17. Qd3 Nf5 18. Bf2 Bf6 19. Ne4 Kf7 20. Rdg1 Qd7 21.
Rg2 Qb5 22. Qb3 Qxb3 23. axb3 a5 24. c3 a4 25. b4 b5 26. Rgg1 a3 27. b3 Ne7 28.
Nxf6 gxf6 29. c4 bxc4 30. bxc4 Rhb8 0-1

[Event "Sao Paulo op"]
[Site "Sao Paulo"]
[Date "1991.??.??"]
[Round "7"]
[White "Trois, Francisco RT"]
[Black "De Souza, Mauro"]
[Result "1/2-1/2"]
[WhiteElo "2375"]
[BlackElo "2225"]
[PlyCount "94"]
[EventDate "1991.??.??"]
[Source "ChessBase"]
[SourceDate "1996.11.15"]

1. Nf3 Nf6 2. c4 g6 3. Nc3 Bg7 4. d4 O-O 5. Bg5 d6 6. e3 h6 7. Bh4 g5 8. Bg3
Nh5 9. Be2 Nxg3 10. hxg3 Nd7 11. Qc2 e5 12. dxe5 dxe5 13. Bd3 c6 14. Bh7+ Kh8
15. Bf5 Nc5 16. Nxe5 Bxe5 17. Bxc8 Qf6 18. Bf5 Rad8 19. Rd1 Kg7 20. O-O Bxc3
21. bxc3 Rfe8 22. Rd4 Re5 23. Rxd8 Qxd8 24. g4 Qf6 25. Rd1 h5 26. Rd4 hxg4 27.
Bxg4 Re8 28. g3 Qe5 29. Bf5 Rh8 30. Bg4 Re8 31. Bf5 Rh8 32. Rg4 Rh5 33. Rd4 Rh6
34. Bg4 Rf6 35. Bh3 Rh6 36. Bg2 Ne6 37. Rd7 Nc5 38. Rd4 Ne6 39. Rd7 Nc5 40. Rd1
Rd6 41. Rd4 Ne6 42. Rd2 Rxd2 43. Qxd2 Nc5 44. Qd4 Kf6 45. Qd8+ Kg7 46. Qd4 Kf6
47. Bf1 a6 1/2-1/2

[Event "Sao Paulo op"]
[Site "Sao Paulo"]
[Date "1991.??.??"]
[Round "8"]
[White "Trois, Francisco RT"]
[Black "Fiorito, Fabian"]
[Result "0-1"]
[WhiteElo "2375"]
[BlackElo "2435"]
[PlyCount "142"]
[EventDate "1991.??.??"]
[Source "ChessBase"]
[SourceDate "1996.11.15"]

1. Nf3 Nf6 2. d4 g6 3. Bg5 Bg7 4. c3 O-O 5. Nbd2 d6 6. e4 Nbd7 7. Be2 h6 8. Bh4
e5 9. dxe5 dxe5 10. O-O Qe8 11. Re1 Nh5 12. a4 Nf4 13. Bc4 Nc5 14. Qc2 a5 15.
b3 Kh8 16. Bg3 Nh5 17. Bb5 c6 18. Bf1 Nxg3 19. hxg3 Qe7 20. Nc4 Be6 21. Rab1
Qc7 22. Ne3 h5 23. Bc4 Bd7 24. Rbd1 Bh6 25. Nh4 Rad8 26. Nf3 Ne6 27. Re2 Kg7
28. Ree1 Bc8 29. Nf1 Ng5 30. N1h2 Bd7 31. Nxg5 Bxg5 32. Nf3 Be7 33. Rd2 b5 34.
Bf1 bxa4 35. bxa4 Be6 36. Rxd8 Rxd8 37. Rd1 Rxd1 38. Qxd1 Qb8 39. c4 Qb2 40.
Qd2 Qxd2 41. Nxd2 f5 42. Bd3 Kf6 43. Kf1 Bb4 44. Ke2 c5 45. exf5 gxf5 46. f3
Bd7 47. Bc2 Kg5 48. Nf1 f4 49. Kf2 Be6 50. Bd3 Bf7 51. Ke2 Bc3 52. Kf2 Be6 53.
Ke2 Bd7 54. Bc2 Bc6 55. Kf2 Bd4+ 56. Ke2 Be8 57. Ke1 fxg3 58. Nxg3 Kf4 59. Ne4
Bf7 60. Nd6 Be6 61. Ke2 h4 62. Bd3 Kg3 63. Kf1 h3 64. gxh3 Bxh3+ 65. Ke2 Bg2
66. Ne4+ Kf4 67. Nd2 Bc3 68. Kf2 Bh1 69. Kg1 Ke3 70. Ne4 Bxf3 71. Nxc3 Kxd3 0-1

[Event "BRA-chT"]
[Site "San Jose do Rio Preto"]
[Date "1995.??.??"]
[Round "7"]
[White "Trois, Francisco RT"]
[Black "Milos, Gilberto"]
[Result "0-1"]
[WhiteElo "2345"]
[BlackElo "2555"]
[PlyCount "68"]
[EventDate "1995.??.??"]
[Source "ChessBase"]
[SourceDate "1997.11.17"]

1. Nf3 d6 2. g3 e5 3. d3 f5 4. c4 Nf6 5. Nc3 g6 6. Bg2 Bg7 7. O-O O-O 8. Rb1 h6
9. b4 g5 10. a4 f4 11. b5 Bg4 12. Nd2 Qc8 13. c5 dxc5 14. Ba3 Nbd7 15. Nd5 Nxd5
16. Bxd5+ Kh8 17. Rc1 Bh3 18. Re1 Rb8 19. Bxc5 Nxc5 20. Rxc5 fxg3 21. hxg3 Rxf2
22. Rc4 Rf8 23. Bf3 Be6 24. Rc1 e4 25. Nxe4 Bd5 26. Kh2 g4 27. Bg2 Qf5 28. e3
Bxe4 29. dxe4 Qg5 30. Rf1 Rxf1 31. Qxf1 Be5 32. Rc5 Qh4+ 33. Kg1 Qxg3 34. Rxc7
Qh2+ 0-1

[Event "Brasilia op"]
[Site "Brasilia"]
[Date "1998.??.??"]
[Round "5"]
[White "Blank Goncalves, Eduardo"]
[Black "Trois, Francisco RT"]
[Result "0-1"]
[WhiteElo "2090"]
[BlackElo "2345"]
[PlyCount "132"]
[EventDate "1998.??.??"]
[Source "ChessBase"]
[SourceDate "1998.11.10"]

1. d4 Nf6 2. Nf3 d6 3. h3 g6 4. Bf4 Bg7 5. e3 O-O 6. Be2 c5 7. c3 b6 8. Nbd2
Ba6 9. O-O Bxe2 10. Qxe2 Nc6 11. a4 Qd7 12. Bh2 Qb7 13. Rfd1 a6 14. e4 cxd4 15.
cxd4 Nd7 16. Nc4 b5 17. Ne3 Nb4 18. e5 dxe5 19. dxe5 Nc5 20. axb5 axb5 21. Nd4
Rxa1 22. Rxa1 Nc6 23. Nec2 Nxd4 24. Nxd4 Rd8 25. Qe3 Qd7 26. Nf3 Qd5 27. Bg3 h6
28. Kh2 Na4 29. b3 Nc5 30. Rb1 Qd3 31. Qxd3 Rxd3 32. b4 Ne4 33. Re1 Nxg3 34.
Kxg3 e6 35. Re3 Rd1 36. Re4 Rb1 37. Nd2 Rb2 38. Nf3 Bf8 39. Ne1 Rxb4 40. Rxb4
Bxb4 41. Nd3 Bc3 42. Kf4 Kf8 43. Ke4 Ke7 44. Nc5 Kd8 45. f4 Kc7 46. Kd3 Kc6 47.
Ne4 Bb4 48. g4 Ba3 49. Kd4 Bb2+ 50. Kd3 Bc1 51. Nd6 Bxf4 52. Nxf7 Kd5 53. Nh8
g5 54. Nf7 b4 55. Nxh6 Kxe5 56. Nf7+ Kd5 57. h4 gxh4 58. g5 e5 59. g6 e4+ 60.
Kc2 Ke6 61. Nd8+ Kf6 62. g7 Kxg7 63. Ne6+ Kf6 64. Nxf4 Kf5 65. Ne2 Kg4 66. Kb3
h3 0-1

[Event "Brasilia op"]
[Site "Brasilia"]
[Date "1998.??.??"]
[Round "6"]
[White "Trois, Francisco RT"]
[Black "Martinez, Carlos Alejandro"]
[Result "1/2-1/2"]
[WhiteElo "2345"]
[BlackElo "2440"]
[PlyCount "99"]
[EventDate "1998.??.??"]
[Source "ChessBase"]
[SourceDate "1998.11.10"]

1. d4 Nf6 2. c4 c5 3. d5 d6 4. Nc3 g6 5. e4 Bg7 6. Bd3 O-O 7. h3 e6 8. Nf3 exd5
9. exd5 Re8+ 10. Be3 Bh6 11. O-O Bxe3 12. fxe3 Nbd7 13. e4 a6 14. Qd2 Kg7 15.
Rf2 Qe7 16. Raf1 Rf8 17. a3 Ne8 18. Qf4 f6 19. Rb1 a5 20. Qg3 Nc7 21. Bc2 b6
22. Ba4 Ba6 23. b3 Ne5 24. Nxe5 fxe5 25. Rbf1 Rxf2 26. Qxf2 Rb8 27. Bb5 Bxb5
28. cxb5 Ne8 29. Nd1 Nf6 30. Qe3 Nh5 31. Nb2 Nf4 32. Nc4 h5 33. g3 Nxh3+ 34.
Kg2 Ng5 35. Nxd6 Qxd6 36. Qxg5 a4 37. bxa4 c4 38. Rc1 Rc8 39. Rc3 Rc7 40. Qe3
Rc8 41. Qg5 Rc7 42. Qe3 Kh7 43. Qg5 Rc8 44. Qe3 Qc7 45. Qf2 Kg7 46. Qe3 Qd6 47.
Qg5 Qc7 48. Rf3 Qd6 49. Rc3 Rc7 50. Qe3 1/2-1/2

[Event "Najdorf Open"]
[Site "Buenos Aires ARG"]
[Date "1998.10.27"]
[Round "4"]
[White "Trois, F."]
[Black "Milos, G."]
[Result "0-1"]
[WhiteElo "2360"]
[BlackElo "2575"]
[PlyCount "82"]
[EventDate "1998.??.??"]

1. Nf3 g6 2. c4 Bg7 3. Nc3 c5 4. g3 Nc6 5. Bg2 Nh6 6. h4 d6 7. h5 Bg4 8. hxg6
hxg6 9. d3 Qd7 10. Bd2 O-O-O 11. Qa4 Kb8 12. O-O-O Bxf3 13. Bxf3 Ng4 14. Rdf1
Nh2 15. Bxc6 Qxc6 16. Qxc6 bxc6 17. Rfg1 Bd4 18. Be1 f5 19. Kd1 Ng4 20. e3 Bxc3
21. bxc3 Kc7 22. Kc2 g5 23. Rxh8 Rxh8 24. Kd2 Ne5 25. Kc2 Nf3 26. Rf1 g4 27.
Bd2 Rh2 28. Kd1 d5 29. e4 fxe4 30. dxe4 d4 31. Bf4+ e5 32. Bd2 Rh8 33. Kc2 Kd6
34. cxd4 cxd4 35. Bb4+ c5 36. Ba3 Ng5 37. Kd3 Rf8 38. f4 gxf3 39. Bc1 Ne6 40.
g4 Nf4+ 41. Kd2 Ne2 0-1

[Event "Najdorf Open"]
[Site "Buenos Aires ARG"]
[Date "1998.10.31"]
[Round "8"]
[White "Trois, F."]
[Black "Urday, H."]
[Result "1/2-1/2"]
[WhiteElo "2360"]
[BlackElo "2475"]
[PlyCount "67"]
[EventDate "1998.??.??"]

1. Nf3 Nf6 2. d4 e6 3. c4 b6 4. g3 Ba6 5. Qa4 c5 6. Bg2 Bb7 7. O-O cxd4 8. Nxd4
Bxg2 9. Kxg2 Bc5 10. Rd1 O-O 11. Nc3 Qc8 12. f3 a6 13. Bg5 Qb7 14. Qc2 Rc8 15.
e4 Ne8 16. Rac1 Bf8 17. Qe2 d6 18. b3 Nd7 19. Rc2 g6 20. Qd2 Bg7 21. Be3 Rc7
22. Rb1 Rac8 23. a4 Nef6 24. Rcc1 Ne5 25. Nde2 Rd7 26. Bd4 Nc6 27. Bf2 Rdd8 28.
h3 Ne7 29. Qe3 Rb8 30. Nd4 Nd7 31. Rd1 Nc5 32. Kh2 Rbc8 33. Nde2 Qc7 34. Rd2
1/2-1/2

[Event "Najdorf Open"]
[Site "Buenos Aires ARG"]
[Date "1998.11.01"]
[Round "9"]
[White "Roeder, M."]
[Black "Trois, F."]
[Result "1-0"]
[WhiteElo "2445"]
[BlackElo "2360"]
[PlyCount "117"]
[EventDate "1998.??.??"]

1. d4 Nf6 2. c4 d6 3. Nf3 Bg4 4. g3 Qc8 5. Bg2 Bh3 6. O-O Bxg2 7. Kxg2 g6 8.
Nc3 Bg7 9. e4 O-O 10. Bg5 h6 11. Bxf6 exf6 12. Qd3 Nc6 13. Nd5 Re8 14. b4 Ne7
15. Rac1 c6 16. Ne3 a6 17. Rc2 h5 18. d5 c5 19. bxc5 Qxc5 20. Rb1 b6 21. Nd2
Rab8 22. Nb3 Qc8 23. a4 f5 24. exf5 Nxf5 25. Nxf5 Qxf5 26. Qxf5 gxf5 27. Nc1 a5
28. Ne2 Kh7 29. Nc3 Bd4 30. Nb5 Bc5 31. Nc7 Re4 32. Na6 Rc8 33. Nxc5 Rxc5 34.
Rxb6 Rcxc4 35. Rxc4 Rxc4 36. Rxd6 Rxa4 37. Rf6 Kg7 38. Rxf5 Kg6 39. Re5 Rd4 40.
d6 Rxd6 41. Rxa5 Rd3 42. Ra6+ f6 43. Ra4 Rc3 44. Kh3 Rf3 45. Rf4 Rd3 46. Kh4
Rb3 47. h3 Rc3 48. Ra4 Rc5 49. f4 Rb5 50. Ra7 Rc5 51. Ra6 Rc4 52. Ra5 Rc3 53.
Rxh5 Rf3 54. Ra5 f5 55. Ra6+ Kg7 56. Ra4 Kg6 57. g4 Kf6 58. Ra6+ Kf7 59. Kg5
1-0